Distribúcia a predaj vybraných produktov : Diplomová práca

Saved in:
Bibliographic Details
Main Author: Mikáč, Milan (Author)
Other Authors: Polák, Vladimír (xxx)
Format: Manuscript Book
Language:Slovak
Published: Trnava : STU v Bratislave MtF KPIM, 2006
Subjects:
Tags: Add Tag
No Tags, Be the first to tag this record!

MARC

LEADER 00000ntm a22000003a 4500
001 stu132434
005 20160719155548.5
008 061215s2006----xo------------------slo-d
040 |a STU  |b slo 
041 0 |a slo 
044 |a xo 
100 1 |a Mikáč, Milan  |4 aut 
245 1 |a Distribúcia a predaj vybraných produktov :  |b Diplomová práca 
260 |a Trnava :  |b STU v Bratislave MtF KPIM,  |c 2006 
300 |a 84 s  |c príl (1 CD-ROM) 
650 7 |a priemyselné inžinierstvo a manažment  |2 stusub 
650 7 |a logistika distribučná  |2 stusub 
700 1 |a Polák, Vladimír  |4 xxx 
996 |b 284M075409  |c M*DP-6474  |l MMSKP  |s P  |a 0  |w stu132434_0001